[Event "Ontario-ch U20"]
[Site "Toronto CAN"]
[Date "2023.10.14"]
[Round "3.7"]
[White "Zhang, Nathan"]
[Black "Elangattu, Agnay"]
[Result "1-0"]
[WhiteElo "969"]
[BlackElo "1342"]
[PlyCount "81"]
[EventDate "2023.10.13"]
[EventType "swiss"]
[EventRounds "5"]
[EventCountry "CAN"]

1. e4 e5 2. Nf3 Nc6 3. Bc4 h6 4. d4 Bb4+ 5. c3 Ba5 6. Nxe5 Nxe5 7. dxe5 Qe7 8.
O-O Qxe5 9. a4 a6 10. Qf3 Nf6 11. b4 Bxb4 12. cxb4 Qxa1 13. Nc3 b5 14. Ba2 Bb7
15. Ba3 Bxe4 16. Qe3 Qxf1+ 17. Kxf1 O-O 18. Nxe4 Nxe4 19. Qxe4 Rae8 20. Qg4 Re5
21. Qxd7 Rfe8 22. Qd2 Rc8 23. Qf4 Rce8 24. Bxf7+ Kh8 25. Bxe8 Rxe8 26. axb5
axb5 27. Qxc7 Kh7 28. Bb2 Rg8 29. Qb7 Kh8 30. Qxb5 Kh7 31. Qf5+ Kh8 32. Qf7 Kh7
33. Qxg8+ Kxg8 34. b5 Kf8 35. b6 Ke8 36. b7 Kd8 37. b8=Q+ Kd7 38. Qb7+ Kd8 39.
f4 g6 40. Bf6+ Ke8 41. Qe7# 1-0

[Event "Ontario-ch U20"]
[Site "Toronto CAN"]
[Date "2023.10.14"]
[Round "3.8"]
[White "Sekaran, Adithya"]
[Black "Karimzada, Omar"]
[Result "1-0"]
[WhiteElo "1316"]
[BlackElo "904"]
[PlyCount "63"]
[EventDate "2023.10.13"]
[EventType "swiss"]
[EventRounds "5"]
[EventCountry "CAN"]

1. c4 e5 2. Nc3 Nf6 3. g3 c6 4. Bg2 d5 5. cxd5 cxd5 6. d4 e4 7. e3 Bb4 8. Nge2
O-O 9. O-O Nc6 10. a3 Be7 11. b4 Be6 12. Qb3 Qb6 13. Nf4 Na5 14. Qa2 Nc4 15.
Ncxd5 Nxd5 16. Nxe6 Qxe6 17. Qxc4 f5 18. f3 Rac8 19. Qa2 Rc6 20. fxe4 fxe4 21.
Rxf8+ Kxf8 22. Bd2 Bg5 23. Bh3 Qd6 24. Rf1+ Nf6 25. b5 Bxe3+ 26. Bxe3 Rc3 27.
Qf2 Rxa3 28. Bf4 Qd5 29. Qd2 Rd3 30. Qb4+ Kg8 31. Be5 Rb3 32. Qe7 1-0

[Event "Ontario-ch U20"]
[Site "Toronto CAN"]
[Date "2023.10.14"]
[Round "3.9"]
[White "Toor, Josh"]
[Black "Ditner, Han-Li"]
[Result "0-1"]
[WhiteElo "908"]
[BlackElo "1307"]
[PlyCount "110"]
[EventDate "2023.10.13"]
[EventType "swiss"]
[EventRounds "5"]
[EventCountry "CAN"]

1. e4 e5 2. Nf3 Nc6 3. d4 exd4 4. Nxd4 Nf6 5. Nxc6 bxc6 6. Bg5 Be7 7. Bd3 Nxe4
8. Bxe7 Qxe7 9. O-O Nc5 10. Re1 Ne6 11. f4 Qc5+ 12. Kh1 O-O 13. Qg4 f6 14. Qf5
Qxf5 15. Bxf5 Nxf4 16. g3 Nd5 17. c4 Nb6 18. b3 d5 19. Bxc8 Raxc8 20. Na3 a6
21. Re6 dxc4 22. Nxc4 Nxc4 23. bxc4 Rfd8 24. Rxc6 Rd6 25. Rxd6 cxd6 26. Rc1 d5
27. c5 Rc6 28. Kg2 Kf8 29. Kf3 Re6 30. c6 Re8 31. c7 Rc8 32. Ke3 Ke7 33. Kd4
Kd6 34. Rc5 Rxc7 35. Rxd5+ Ke7 36. Ra5 Rc2 37. Rxa6 Rxh2 38. Ke4 Kf7 39. a4 h5
40. Kf3 g5 41. a5 g4+ 42. Kf4 Rf2+ 43. Ke3 Rf3+ 44. Ke2 Rxg3 45. Ra7+ Kg6 46.
Ra8 Ra3 47. a6 h4 48. a7 Kg7 49. Kf1 h3 50. Kg1 g3 51. Kf1 g2+ 52. Kg1 Ra1+ 53.
Kh2 g1=Q+ 54. Kxh3 Ra3+ 55. Kh4 Qg5# 0-1

[Event "Ontario-ch U20"]
[Site "Toronto CAN"]
[Date "2023.10.14"]
[Round "3.11"]
[White "Liu, William"]
[Black "Ghamarimonavvar, Sam"]
[Result "0-1"]
[WhiteElo "900"]
[BlackElo "1109"]
[PlyCount "76"]
[EventDate "2023.10.13"]
[EventType "swiss"]
[EventRounds "5"]
[EventCountry "CAN"]

1. Nf3 d5 2. c4 Nf6 3. cxd5 Nxd5 4. e4 Nf6 5. Nc3 Nc6 6. d4 Bg4 7. Be3 e6 8.
Be2 Bb4 9. e5 Ne4 10. Rc1 O-O 11. O-O Bf5 12. Nxe4 Bxe4 13. Ng5 Bg6 14. Bh5 Qe7
15. Bxg6 fxg6 16. Qg4 Rf5 17. h4 Rd8 18. h5 Qe8 19. hxg6 Qxg6 20. Qh4 Rdf8 21.
g4 Rxg5 22. Bxg5 Nxd4 23. f4 Ne2+ 24. Kh2 Nxc1 25. Rxc1 Qd3 26. Rxc7 Qe2+ 27.
Kg1 Bc5+ 28. Rxc5 Qd1+ 29. Kg2 Qe2+ 30. Qf2 Qxg4+ 31. Qg3 Qe2+ 32. Kh3 Qf1+ 33.
Qg2 Qd3+ 34. Kh4 Qe3 35. Bh6 Rxf4+ 36. Bxf4 Qxf4+ 37. Qg4 Qh2+ 38. Kg5 Qh6# 0-1

[Event "Ontario-ch U20"]
[Site "Toronto CAN"]
[Date "2023.10.15"]
[Round "4.1"]
[White "Lukinykh, Slava"]
[Black "Sheth, Rudra"]
[Result "1-0"]
[WhiteElo "1534"]
[BlackElo "1595"]
[PlyCount "71"]
[EventDate "2023.10.13"]
[EventType "swiss"]
[EventRounds "5"]
[EventCountry "CAN"]

1. e4 e6 2. d3 c5 3. Nd2 Nc6 4. Ngf3 Nge7 5. g3 g6 6. Bg2 Bg7 7. O-O O-O 8. Re1
e5 9. Nf1 d6 10. Bg5 h6 11. Bd2 Be6 12. Qc1 Kh7 13. c3 Qd7 14. Nh4 g5 15. Nf3
f5 16. h4 fxe4 17. dxe4 g4 18. N3h2 Rf6 19. f4 gxf3 20. Nxf3 Raf8 21. Be3 Rxf3
22. Bxf3 Rxf3 23. Qd2 Bh3 24. Bf2 Ng6 25. Re3 Rxe3 26. Nxe3 h5 27. Rd1 Nge7 28.
Qxd6 Qxd6 29. Rxd6 Kg8 30. Kh2 Bc8 31. Nd5 b6 32. Be3 Kf7 33. Bg5 Nxd5 34. Rxc6
Bb7 35. Rd6 Nf6 36. Bxf6 1-0

[Event "Ontario-ch U20"]
[Site "Toronto CAN"]
[Date "2023.10.15"]
[Round "4.2"]
[White "Valavan, Aaryan"]
[Black "Angel, Borys"]
[Result "0-1"]
[WhiteElo "1404"]
[BlackElo "1838"]
[PlyCount "82"]
[EventDate "2023.10.13"]
[EventType "swiss"]
[EventRounds "5"]
[EventCountry "CAN"]

1. e4 e5 2. Nf3 Nc6 3. Bb5 a6 4. Ba4 b5 5. Bb3 Nf6 6. d3 h6 7. h3 Bc5 8. Nc3 d6
9. a4 b4 10. Nd5 Na5 11. Bd2 Nxb3 12. cxb3 Nxd5 13. exd5 O-O 14. O-O Bb7 15.
Qc2 Bxd5 16. Nxe5 Re8 17. Ng4 a5 18. Rad1 h5 19. Ne3 Be6 20. Nc4 Qf6 21. Bc1
Qg6 22. Kh1 Bd5 23. f3 Re7 24. Rde1 Rae8 25. Rxe7 Rxe7 26. Nxa5 Qg3 27. Qd1 g5
28. d4 Ba7 29. Qd2 f6 30. Nc4 Qh4 31. Ne3 Be6 32. Qc2 Bxd4 33. Qg6+ Kf8 34. Nf5
Bxf5 35. Qxf5 Re1 36. Qc8+ Kg7 37. Qxc7+ Kh6 38. Qc4 Qf2 39. Rxe1 Qxe1+ 40. Kh2
Bg1+ 41. Kh1 Bf2+ 0-1

[Event "Ontario-ch U20"]
[Site "Toronto CAN"]
[Date "2023.10.15"]
[Round "4.3"]
[White "Chunchu, Ashwin"]
[Black "Chen, Shuang"]
[Result "0-1"]
[WhiteElo "1762"]
[BlackElo "1599"]
[PlyCount "60"]
[EventDate "2023.10.13"]
[EventType "swiss"]
[EventRounds "5"]
[EventCountry "CAN"]

1. Nf3 d5 2. b3 Nf6 3. Bb2 e6 4. e3 Be7 5. Be2 Nbd7 6. O-O O-O 7. d3 b6 8. Nbd2
Bb7 9. Ne5 c5 10. f4 Qc7 11. Ndf3 Bd6 12. g4 Rac8 13. g5 Ne8 14. h4 d4 15. Nxd7
Qxd7 16. Bc1 Qc7 17. Nh2 dxe3 18. Bxe3 g6 19. Ng4 Ng7 20. Bc1 e5 21. Bb2 exf4
22. Qd2 c4 23. Qc3 Bc5+ 24. Kh2 f3+ 25. Kh3 f5 26. gxf6 h5 27. Qxc4+ Kh7 28.
fxg7 hxg4+ 29. Qxg4 Rf4 30. Qg5 Qd7+ 0-1

[Event "Ontario-ch U20"]
[Site "Toronto CAN"]
[Date "2023.10.15"]
[Round "4.4"]
[White "Kononenko, Andrei"]
[Black "Sekaran, Adithya"]
[Result "1/2-1/2"]
[WhiteElo "1580"]
[BlackElo "1316"]
[PlyCount "58"]
[EventDate "2023.10.13"]
[EventType "swiss"]
[EventRounds "5"]
[EventCountry "CAN"]

1. e4 c6 2. d4 d5 3. e5 Bf5 4. g4 Bg6 5. h4 h6 6. Bd3 Bxd3 7. Qxd3 e6 8. Ne2 c5
9. c3 Nc6 10. a3 Nge7 11. Nd2 Qb6 12. Rb1 c4 13. Qc2 Na5 14. Nf1 Qb3 15. Qxb3
Nxb3 16. Be3 h5 17. g5 Nf5 18. Bf4 Na5 19. Ne3 Nxe3 20. Bxe3 Nc6 21. Kd2 g6 22.
Kc2 b5 23. Ra1 a5 24. b3 cxb3+ 25. Kxb3 a4+ 26. Kc2 Na5 27. Rhb1 Rb8 28. Nf4
Nc4 29. Bc1 Kd7 1/2-1/2

[Event "Ontario-ch U20"]
[Site "Toronto CAN"]
[Date "2023.10.15"]
[Round "4.7"]
[White "Ditner, Han-Li"]
[Black "Zhang, Nathan"]
[Result "1-0"]
[WhiteElo "1307"]
[BlackElo "969"]
[PlyCount "53"]
[EventDate "2023.10.13"]
[EventType "swiss"]
[EventRounds "5"]
[EventCountry "CAN"]

1. e4 e5 2. Nc3 Nc6 3. Bc4 Nf6 4. d3 Bc5 5. Nf3 O-O 6. Bg5 Be7 7. O-O h6 8. Bh4
a5 9. Bg3 d6 10. d4 Nxd4 11. Nxd4 exd4 12. Qxd4 c5 13. Qd3 b6 14. a4 Bb7 15.
Rad1 Qc8 16. Bxd6 Rd8 17. e5 Ne8 18. Qg3 Nxd6 19. exd6 Bf6 20. Qf4 Rd7 21. Bd5
Ba6 22. Bxa8 Qxa8 23. Rfe1 Qc6 24. Re8+ Kh7 25. Qf5+ g6 26. Qxf6 Bb7 27. Qh8#
1-0

[Event "Ontario-ch U20"]
[Site "Toronto CAN"]
[Date "2023.10.15"]
[Round "4.8"]
[White "Ghamarimonavvar, Sam"]
[Black "Wang, Eric"]
[Result "1-0"]
[WhiteElo "1109"]
[BlackElo "1181"]
[PlyCount "47"]
[EventDate "2023.10.13"]
[EventType "swiss"]
[EventRounds "5"]
[EventCountry "CAN"]

1. e4 e5 2. Nf3 Nc6 3. Bc4 Bc5 4. c3 Nf6 5. d4 exd4 6. cxd4 Bb4+ 7. Bd2 Bxd2+
8. Nbxd2 d6 9. O-O O-O 10. Bd3 Re8 11. Re1 Bg4 12. Qa4 Bd7 13. Qb3 Rb8 14. a3
h6 15. h3 Qc8 16. e5 dxe5 17. Nxe5 Nxe5 18. dxe5 Nh5 19. Nf1 Nf4 20. Be4 Kf8
21. Bf3 Re6 22. Qb4+ Kg8 23. Qxf4 Rg6 24. Ng3 1-0

[Event "Ontario-ch U20"]
[Site "Toronto CAN"]
[Date "2023.10.15"]
[Round "4.10"]
[White "Vyas, Vihaan"]
[Black "Sapojnikov, Boris"]
[Result "1-0"]
[WhiteElo "1175"]
[BlackElo "935"]
[PlyCount "54"]
[EventDate "2023.10.13"]
[EventType "swiss"]
[EventRounds "5"]
[EventCountry "CAN"]

1. d4 d5 2. c4 c6 3. Nc3 e6 4. Nf3 Nf6 5. e3 Bb4 6. a3 Bxc3+ 7. bxc3 Ne4 8. Qc2
O-O 9. Bd3 f5 10. cxd5 exd5 11. O-O Nd7 12. c4 Nb6 13. c5 Nc4 14. Bxc4 dxc4 15.
Qxc4+ Kh8 16. Ne5 Qd5 17. Qxd5 cxd5 18. Bb2 Be6 19. f3 Nd2 20. Rfd1 Nc4 21.
Nxc4 dxc4 22. d5 Bd7 23. e4 Rfe8 24. Rd4 Bb5 25. exf5 Re5 26. Rg4 Rxd5 27. Rxg7
Rxf5 1-0

[Event "Ontario-ch U20"]
[Site "Toronto CAN"]
[Date "2023.10.15"]
[Round "4.11"]
[White "Wang, Angela"]
[Black "Aravinthan, Siddhaarth"]
[Result "1-0"]
[WhiteElo "1094"]
[BlackElo "1170"]
[PlyCount "75"]
[EventDate "2023.10.13"]
[EventType "swiss"]
[EventRounds "5"]
[EventCountry "CAN"]

1. e4 e5 2. Nf3 Nc6 3. d4 d6 4. d5 Nce7 5. Be3 Bg4 6. h3 Bh5 7. c4 Nf6 8. Nc3
Nc8 9. Bd3 Be7 10. Qe2 O-O 11. g4 Bg6 12. h4 h6 13. h5 Bh7 14. g5 hxg5 15. Nxg5
Nd7 16. Qg4 Nc5 17. Bc2 Nb6 18. b4 Ncd7 19. Nxh7 Kxh7 20. Qf5+ Kg8 21. Rg1 Bf6
22. Bg5 Nxc4 23. Bxf6 Qxf6 24. Qxd7 Qf4 25. Qg4 Qd2+ 26. Kf1 Qh6 27. Qg5 Qh7
28. Ne2 f6 29. Qg6 Nd2+ 30. Kg2 Qxg6+ 31. hxg6 Rfe8 32. Rh1 Nc4 33. Ng3 Nb6 34.
Nf5 Nd7 35. Rh7 Nf8 36. Rxg7+ Kh8 37. Rh1+ Nh7 38. Rhxh7# 1-0

[Event "Ontario-ch U20"]
[Site "Toronto CAN"]
[Date "2023.10.15"]
[Round "4.12"]
[White "Elangattu, Agnay"]
[Black "Liu, William"]
[Result "1-0"]
[WhiteElo "1342"]
[BlackElo "900"]
[PlyCount "87"]
[EventDate "2023.10.13"]
[EventType "swiss"]
[EventRounds "5"]
[EventCountry "CAN"]

1. e4 c6 2. d4 d5 3. e5 Bf5 4. Nf3 e6 5. Bd3 Bxd3 6. Qxd3 c5 7. c4 Nc6 8. cxd5
exd5 9. Bg5 Qb6 10. Qc3 cxd4 11. Qb3 Qxb3 12. axb3 Be7 13. Bxe7 Ngxe7 14. O-O
Ng6 15. Rd1 O-O 16. Nxd4 Ngxe5 17. Nc3 Rfd8 18. Ndb5 d4 19. Ne2 d3 20. Nec3 d2
21. Ne4 a6 22. Nbc3 Nb4 23. Na2 Nxa2 24. Rxa2 Rd7 25. Raa1 Rad8 26. h3 Nc6 27.
Nc5 Rd5 28. Na4 Nb4 29. Nc3 Re5 30. Ra4 Re1+ 31. Kh2 Rxd1 32. Nxd1 Nc2 33. Rc4
Ne1 34. Nc3 f6 35. Nd1 Kf7 36. Kg3 Ke6 37. Kf4 Nxg2+ 38. Kf3 Ne1+ 39. Ke2 Ke5
40. Rc3 g5 41. Re3+ Kf4 42. Nc3 f5 43. Kd1 Rd3 44. Ne2# 1-0

[Event "Ontario-ch U20"]
[Site "Toronto CAN"]
[Date "2023.10.15"]
[Round "4.13"]
[White "Tian, Dylan"]
[Black "Kwok, Jayden"]
[Result "1/2-1/2"]
[WhiteElo "1065"]
[BlackElo "855"]
[PlyCount "43"]
[EventDate "2023.10.13"]
[EventType "swiss"]
[EventRounds "5"]
[EventCountry "CAN"]

1. e4 e5 2. Nf3 Nc6 3. Nc3 Nf6 4. d4 exd4 5. Nd5 Bc5 6. Bg5 Be7 7. Bxf6 Bxf6 8.
e5 Be7 9. Nxd4 Nxe5 10. Qe2 Ng6 11. O-O-O O-O 12. Re1 Re8 13. h4 c6 14. Nxe7+
Qxe7 15. Qxe7 Rxe7 16. Rxe7 Nxe7 17. Bc4 d5 18. Bd3 c5 19. Nb5 Bd7 20. Re1 Bxb5
21. Bxb5 Kf8 22. g4 1/2-1/2

[Event "Ontario-ch U20"]
[Site "Toronto CAN"]
[Date "2023.10.15"]
[Round "5.1"]
[White "Angel, Borys"]
[Black "Lukinykh, Slava"]
[Result "1-0"]
[WhiteElo "1838"]
[BlackElo "1534"]
[PlyCount "37"]
[EventDate "2023.10.13"]
[EventType "swiss"]
[EventRounds "5"]
[EventCountry "CAN"]

1. e4 c5 2. Nf3 Nc6 3. d4 cxd4 4. Nxd4 Nf6 5. Nc3 e5 6. Nb3 Bb4 7. Bc4 d5 8.
exd5 Ne7 9. O-O Bxc3 10. bxc3 Nfxd5 11. Ba3 Be6 12. Qf3 Qc7 13. Bb5+ Bd7 14.
Bxd7+ Qxd7 15. Rad1 Qc6 16. c4 Qxc4 17. Bxe7 e4 18. Qg4 Nxe7 19. Qd7+ 1-0

[Event "Ontario-ch U20"]
[Site "Toronto CAN"]
[Date "2023.10.15"]
[Round "5.2"]
[White "Chen, Shuang"]
[Black "Deepak, Laksshana"]
[Result "1-0"]
[WhiteElo "1599"]
[BlackElo "1785"]
[PlyCount "57"]
[EventDate "2023.10.13"]
[EventType "swiss"]
[EventRounds "5"]
[EventCountry "CAN"]

1. e4 c5 2. Nf3 a6 3. c3 d5 4. exd5 Qxd5 5. d4 e6 6. Be2 Nf6 7. Bf4 Nc6 8. Na3
cxd4 9. cxd4 Bxa3 10. bxa3 Qa5+ 11. Qd2 Qxa3 12. O-O O-O 13. Ne5 Nxe5 14. Bxe5
Nd5 15. Rfc1 Bd7 16. Rab1 f6 17. Rxb7 fxe5 18. Rxd7 exd4 19. Bg4 Rae8 20. Qg5
Rf7 21. Bxe6 Qxc1+ 22. Qxc1 Rxe6 23. Rxd5 Rfe7 24. Kf1 Re4 25. f3 R4e6 26. Rxd4
a5 27. Qd2 Re5 28. Re4 Kf7 29. Qf4+ 1-0

[Event "Ontario-ch U20"]
[Site "Toronto CAN"]
[Date "2023.10.15"]
[Round "5.3"]
[White "Ditner, Han-Li"]
[Black "Kononenko, Andrei"]
[Result "0-1"]
[WhiteElo "1307"]
[BlackElo "1580"]
[PlyCount "80"]
[EventDate "2023.10.13"]
[EventType "swiss"]
[EventRounds "5"]
[EventCountry "CAN"]

1. e4 e5 2. Nc3 Nc6 3. Bc4 Bc5 4. Qg4 Qf6 5. Nd5 Qxf2+ 6. Kd1 g6 7. Nxc7+ Kd8
8. Nxa8 d5 9. Qf3 dxc4 10. Qxf2 Bxf2 11. b3 Nd4 12. bxc4 Bxg1 13. Rxg1 Bg4+ 14.
Ke1 Nxc2+ 15. Kf2 Nxa1 16. Bb2 f6 17. Bxa1 Kc8 18. Rb1 Kb8 19. Nb6 axb6 20.
Rxb6 Bd1 21. Re6 Nh6 22. h3 Rf8 23. Bc3 Ba4 24. Bb4 Rf7 25. Be7 Kc8 26. Bc5 Bc6
27. Ke3 Kd7 28. Rd6+ Kc7 29. Re6 b6 30. Be7 f5 31. Rxe5 fxe4 32. Bb4 Nf5+ 33.
Ke2 Nd4+ 34. Ke3 Nc2+ 35. Ke2 Nxb4 36. c5 bxc5 37. Rxc5 Rf2+ 38. Ke3 Rxg2 39.
Ra5 g5 40. a3 Nc2# 0-1

[Event "Ontario-ch U20"]
[Site "Toronto CAN"]
[Date "2023.10.15"]
[Round "5.4"]
[White "Ghamarimonavvar, Sam"]
[Black "Witmer, Noah"]
[Result "0-1"]
[WhiteElo "1109"]
[BlackElo "1522"]
[PlyCount "108"]
[EventDate "2023.10.13"]
[EventType "swiss"]
[EventRounds "5"]
[EventCountry "CAN"]

1. e4 e5 2. Nf3 Nc6 3. Bc4 Bc5 4. c3 Nf6 5. d4 exd4 6. cxd4 Bb4+ 7. Bd2 Nxe4 8.
Bxb4 Nxb4 9. Bxf7+ Kxf7 10. Qb3+ Ke8 11. Qxb4 Qe7 12. Qxe7+ Kxe7 13. O-O Re8
14. Re1 Kf8 15. Nbd2 Nxd2 16. Nxd2 d6 17. Rxe8+ Kxe8 18. Re1+ Kf7 19. Rc1 c6
20. Re1 Bf5 21. Nf3 Re8 22. h3 Rxe1+ 23. Nxe1 Ke6 24. Kf1 Kd5 25. Ke2 Kxd4 26.
Nf3+ Kd5 27. Ke3 Be4 28. Ne1 Ke5 29. f3 Bb1 30. a3 d5 31. f4+ Kd6 32. Nf3 Be4
33. Nd4 Bxg2 34. Nf5+ Kd7 35. Nxg7 Bxh3 36. Kd4 Kd6 37. f5 c5+ 38. Ke3 Ke5 39.
Ne6 b6 40. Ng5 Bxf5 41. Nf7+ Kf6 42. Nh6 Be6 43. Kf4 Kg6 44. Ng4 Bxg4 45. Kxg4
h5+ 46. Kf4 d4 47. Kf3 Kf5 48. b3 h4 49. Kf2 Kf4 50. Ke2 h3 51. Kd3 h2 52. Kc4
h1=Q 53. Kb5 Qf1+ 54. Ka4 Qa6# 0-1

[Event "Ontario-ch U20"]
[Site "Toronto CAN"]
[Date "2023.10.15"]
[Round "5.5"]
[White "Sekaran, Adithya"]
[Black "Chunchu, Ashwin"]
[Result "0-1"]
[WhiteElo "1316"]
[BlackElo "1762"]
[PlyCount "68"]
[EventDate "2023.10.13"]
[EventType "swiss"]
[EventRounds "5"]
[EventCountry "CAN"]

1. c4 Nf6 2. Nf3 e6 3. Nc3 b6 4. g3 Bb7 5. Bg2 c5 6. d4 cxd4 7. Qxd4 Nc6 8. Qd1
Be7 9. O-O O-O 10. Bg5 Rc8 11. Rc1 h6 12. Bf4 Na5 13. b3 d5 14. cxd5 Nxd5 15.
Nxd5 Bxd5 16. Rxc8 Qxc8 17. Ne5 Rd8 18. Qc1 Qb7 19. Bxd5 Rxd5 20. Rd1 g5 21.
Rxd5 Qxd5 22. Qc8+ Bd8 23. Nd7 Qd1+ 24. Kg2 Nc6 25. Bc7 Qd5+ 26. Kg1 Qd1+ 27.
Kg2 Qd5+ 28. f3 Qd1 29. Kf2 Qd4+ 30. Kg2 Qd1 31. Bxd8 Qxe2+ 32. Kh3 Qf1+ 33.
Kg4 Kh7 34. Nf6+ Kg6 0-1

[Event "Ontario-ch U20"]
[Site "Toronto CAN"]
[Date "2023.10.15"]
[Round "5.7"]
[White "Vyas, Vihaan"]
[Black "Narula, Japveer"]
[Result "1/2-1/2"]
[WhiteElo "1175"]
[BlackElo "1351"]
[PlyCount "56"]
[EventDate "2023.10.13"]
[EventType "swiss"]
[EventRounds "5"]
[EventCountry "CAN"]

1. d4 d5 2. c4 dxc4 3. e3 Nf6 4. Bxc4 e6 5. Nf3 a6 6. O-O b5 7. Bd3 Bb7 8. Nc3
Nbd7 9. a3 c5 10. b3 Be7 11. Bb2 O-O 12. Qe2 Qb6 13. Rfd1 Rfd8 14. Rac1 Rac8
15. Ne5 Nxe5 16. dxe5 Nd5 17. Nxd5 Bxd5 18. Qc2 Rd7 19. Bxh7+ Kh8 20. Be4 Rcd8
21. Bxd5 Rxd5 22. Rxd5 Rxd5 23. Rd1 Qc6 24. f3 Qd7 25. Rxd5 Qxd5 26. Kf2 Bd8
27. Ke2 Bc7 28. Qd3 Qxd3+ 1/2-1/2

[Event "Ontario-ch U20"]
[Site "Toronto CAN"]
[Date "2023.10.15"]
[Round "5.9"]
[White "Wang, Eric"]
[Black "Karimzada, Omar"]
[Result "1-0"]
[WhiteElo "1181"]
[BlackElo "904"]
[PlyCount "97"]
[EventDate "2023.10.13"]
[EventType "swiss"]
[EventRounds "5"]
[EventCountry "CAN"]

1. e4 e5 2. Nf3 Nc6 3. Bc4 Be7 4. c3 Nf6 5. d3 d6 6. a3 h6 7. O-O O-O 8. Be3
Bg4 9. h3 Bh5 10. Nbd2 a6 11. Re1 d5 12. exd5 Nxd5 13. Nf1 Kh8 14. Ng3 Bg6 15.
Bd2 Bf6 16. Qc1 Kh7 17. Ne4 Nb6 18. Ba2 Qe7 19. Be3 Qd8 20. Nxf6+ Qxf6 21. d4
e4 22. Nd2 Rad8 23. Nb3 Bf5 24. Nc5 Bc8 25. Nxe4 Qg6 26. Nc5 Bxh3 27. g3 Qf6
28. Bb1+ Kg8 29. Be4 Rb8 30. Bg2 Bxg2 31. Kxg2 Rfd8 32. Qc2 Nd5 33. a4 Nce7 34.
Ra3 Qg6 35. Qxg6 Nxg6 36. Rb3 Nb6 37. Re2 Re8 38. a5 Nd5 39. Rxb7 Rxb7 40. Nxb7
f5 41. Kf1 f4 42. Bxf4 Rxe2 43. Kxe2 Ngxf4+ 44. gxf4 Nxf4+ 45. Kf3 Nd3 46. b4
g5 47. Nc5 Nxc5 48. dxc5 c6 49. b5 1-0

[Event "Ontario-ch U20"]
[Site "Toronto CAN"]
[Date "2023.10.15"]
[Round "5.13"]
[White "Aravinthan, Siddhaarth"]
[Black "Tian, Dylan"]
[Result "0-1"]
[WhiteElo "1170"]
[BlackElo "1065"]
[PlyCount "118"]
[EventDate "2023.10.13"]
[EventType "swiss"]
[EventRounds "5"]
[EventCountry "CAN"]

1. e4 d5 2. Nc3 d4 3. Nce2 e5 4. c3 c5 5. cxd4 cxd4 6. Ng3 Nc6 7. Nf3 d3 8. Qb3
f5 9. exf5 e4 10. Nxe4 Qe7 11. Bxd3 Bxf5 12. Qc4 Nf6 13. Nfg5 h6 14. Nf3 Bxe4
15. Bxe4 Qxe4+ 16. Qxe4+ Nxe4 17. O-O Nf6 18. Re1+ Be7 19. d3 O-O 20. a3 Bc5
21. b4 Bd4 22. Rb1 Rfe8 23. Rxe8+ Rxe8 24. Bf4 Bb6 25. b5 Nd4 26. Ne5 Ne2+ 27.
Kf1 Nxf4 28. Nf3 Nxd3 29. Rd1 Nxf2 30. Re1 Rxe1+ 31. Kxe1 Nd3+ 32. Kd2 Nf4 33.
g3 Ne4+ 34. Ke1 Nd3+ 35. Kf1 Nc3 36. Kg2 Nxb5 37. Kh3 Nxa3 38. Kg4 g6 39. h4
Nc4 40. Kh3 Ne3 41. Kh2 a5 42. Nd2 a4 43. g4 a3 44. Kh3 a2 45. Nb3 Nc2 46. Kg3
a1=Q 47. Nxa1 Nxa1 48. Kf3 Nc2 49. Ke2 Nf4+ 50. Kd2 Ne3 51. Ke1 Nxg4 52. Kf1
Ba5 53. Kg1 g5 54. hxg5 hxg5 55. Kh1 b5 56. Kg1 b4 57. Kf1 b3 58. Kg1 b2 59.
Kf1 b1=Q# 0-1

[Event "Ontario-ch U20"]
[Site "Toronto CAN"]
[Date "2023.10.15"]
[Round "5.15"]
[White "Kwok, Jayden"]
[Black "Toor, Josh"]
[Result "0-1"]
[WhiteElo "855"]
[BlackElo "908"]
[PlyCount "60"]
[EventDate "2023.10.13"]
[EventType "swiss"]
[EventRounds "5"]
[EventCountry "CAN"]

1. e4 e5 2. Nf3 Nc6 3. Bc4 Bc5 4. c3 Nf6 5. d4 exd4 6. e5 Ng4 7. cxd4 Bb4+ 8.
Nc3 h5 9. Qb3 O-O 10. h3 Nh6 11. Bxh6 gxh6 12. O-O Bxc3 13. Qxc3 d5 14. Bd3 f5
15. Qd2 Kh7 16. Qc2 Nb4 17. Qc3 Nxd3 18. Qxd3 Kg7 19. Rfe1 Be6 20. Qe2 c6 21.
Nh2 Qe8 22. Qf3 b5 23. Nf1 f4 24. Rac1 a5 25. Qc3 Ra6 26. g3 Bxh3 27. gxf4 Bxf1
28. Qg3+ Qg6 29. Rxf1 Rxf4 30. Rcd1 Rg4 0-1

[Event "Outaouais-ch"]
[Site "Gatineau CAN"]
[Date "2023.03.28"]
[Round "1"]
[White "Arsenault, Michel"]
[Black "Thompson, Francis"]
[Result "0-1"]
[WhiteElo "1878"]
[BlackElo "1765"]
[PlyCount "68"]
[EventDate "2023.03.28"]
[EventType "tourn"]
[EventRounds "7"]
[EventCountry "CAN"]
[TimeControl "90+30"]

1. c4 Nf6 2. g3 g6 3. Bg2 d5 4. cxd5 Nxd5 5. Qb3 Nb6 6. Qc3 f6 7. h4 Na6 8. h5
Bg7 9. hxg6 hxg6 10. Rxh8+ Bxh8 11. Be4 Kf7 12. Nf3 c6 13. Nh4 f5 14. Qf3 Nc5
15. Bxf5 gxf5 16. Nxf5 Bf6 17. Qh5+ Ke6 18. Qg4 Qh8 19. Nh6+ Kd6 20. Nf7+ Kc7
21. Nxh8 Bxg4 22. Ng6 Nca4 23. Nc3 Rg8 24. Nf4 Rh8 25. f3 Bd7 26. Rb1 Nxc3 27.
bxc3 e5 28. Nd3 Rh1+ 29. Kf2 Be6 30. Rb4 a5 31. Re4 Bf5 32. Ba3 Bxe4 33. fxe4
Nc4 34. Bc5 Nxd2 0-1

[Event "Outaouais-ch"]
[Site "Gatineau CAN"]
[Date "2023.03.28"]
[Round "1"]
[White "Azar, Sebastien"]
[Black "Desjardins, Michel"]
[Result "1-0"]
[WhiteElo "2061"]
[BlackElo "1897"]
[PlyCount "73"]
[EventDate "2023.03.28"]
[EventType "tourn"]
[EventRounds "7"]
[EventCountry "CAN"]

1. e4 g6 2. d4 Bg7 3. c4 c5 4. d5 d6 5. Nc3 a6 6. Bd2 Nf6 7. h3 O-O 8. Bd3 e6
9. a4 exd5 10. cxd5 Re8 11. Nge2 Nbd7 12. f4 c4 13. Bc2 Nc5 14. Qb1 Rb8 15. Be3
Nfd7 16. O-O b6 17. Bd4 Bb7 18. Qe1 Nd3 19. Qg3 N7c5 20. Rab1 Nxe4 21. Nxe4
Bxd4+ 22. Nxd4 Rxe4 23. Nf5 Qf6 24. Nh6+ Kg7 25. Ng4 Qd4+ 26. Kh1 Bxd5 27. Bd1
Rxf4 28. Be2 Rxf1+ 29. Rxf1 Re8 30. Bd1 Nxb2 31. Nf6 Re6 32. Nh5+ Kg8 33. Qg5
Bxg2+ 34. Qxg2 d5 35. Qg5 Qe4+ 36. Bf3 Qf5 37. Qd8+ 1-0

[Event "Outaouais-ch"]
[Site "Gatineau CAN"]
[Date "2023.03.28"]
[Round "1"]
[White "Latreille, Etienne"]
[Black "Dupont-Mageau, Nicolas"]
[Result "1-0"]
[WhiteElo "2073"]
[BlackElo "1742"]
[PlyCount "59"]
[EventDate "2023.03.28"]
[EventType "tourn"]
[EventRounds "7"]
[EventCountry "CAN"]
[TimeControl "90+30"]

1. e4 c5 2. Nf3 d6 3. Bb5+ Bd7 4. Bxd7+ Nxd7 5. O-O Ngf6 6. Qe2 e6 7. c4 Be7 8.
Nc3 O-O 9. d4 cxd4 10. Nxd4 Nb6 11. Rd1 Qc7 12. b3 a6 13. Ba3 Rfe8 14. Rac1 d5
15. c5 Qe5 16. Nf3 Qh5 17. e5 Nfd7 18. Nb1 Nc8 19. c6 bxc6 20. Rxc6 Bxa3 21.
Nxa3 Ncb6 22. Rdc1 Qh6 23. Qe1 Rec8 24. Rxc8+ Rxc8 25. Rxc8+ Nxc8 26. g3 f6 27.
Qc3 Ncb6 28. Kg2 Qg6 29. Qc7 fxe5 30. Qd8+ 1-0

[Event "Outaouais-ch"]
[Site "Gatineau CAN"]
[Date "2023.03.28"]
[Round "1"]
[White "Raymond, Daniel"]
[Black "Guimond, Michel"]
[Result "1/2-1/2"]
[WhiteElo "1734"]
[BlackElo "1893"]
[PlyCount "79"]
[EventDate "2023.03.28"]
[EventType "tourn"]
[EventRounds "7"]
[EventCountry "CAN"]

1. e4 c5 2. Nf3 d6 3. d4 cxd4 4. Nxd4 Nf6 5. Nc3 g6 6. Be2 Bg7 7. O-O O-O 8.
Bg5 Nc6 9. Nb3 h6 10. Be3 a6 11. a4 b6 12. Kh1 Bb7 13. f4 Na5 14. Nxa5 bxa5 15.
Bf3 Kh7 16. Qd2 Qc7 17. Qf2 Nd7 18. Bd4 Bxd4 19. Qxd4 Qc5 20. Rad1 Qxd4 21.
Rxd4 Nb6 22. Nd5 Bxd5 23. exd5 Rfc8 24. Be4 Rc4 25. Rxc4 Nxc4 26. b3 Nd2 27.
Re1 Nxe4 28. Rxe4 Ra7 29. Rc4 Kg7 30. g4 g5 31. Kg2 gxf4 32. Rxf4 Rc7 33. c4
Rb7 34. Rf3 f6 35. Kg3 Kg6 36. h4 Rc7 37. Kf4 Rb7 38. Ke4 Rc7 39. Kf4 Rc8 40.
Re3 1/2-1/2